[Event "40th IND-chT Open 2020"]
[Site "Ahmedabad"]
[Date "2020.02.12"]
[Round "8.1"]
[White "Jatinder, Kapoor"]
[Black "Adhiban, B.."]
[Result "0-1"]
[WhiteElo "1586"]
[BlackElo "2654"]
[Annotator "TA"]
[PlyCount "72"]
[EventDate "2020.02.05"]
[EventCountry "IND"]
[SourceTitle "playchess.com"]
[Source "ChessBase"]
[SourceQuality "1"]

{[%evp 17,72,-18,0,-5,27,1,43,-11,0,-2,0,-9,-15,-77,-66,-63,-68,-74,-63,-76,-69,-71,-44,-59,-61,-58,-49,-44,-41,-34,-36,-42,-41,-52,-56,-236,-231,-338,-346,-354,-356,-341,-338,-490,-508,-626,-618,-632,-654,-745,-738,-731,-716,-29973,-29974,-29974,-29975]} 1. e4 c5 2. Nc3 Nc6 3. g3 g6 4. Bg2 Bg7 5. d3 d6 6. Nge2 Rb8 7. a4 a6 8. O-O Nf6 9. f4 O-O 10. h3 {B25: Closed Sicilian: 3 g3, lines without early Be3.} Nd7 11. g4 Nd4 12. Ng3 (12. Nxd4 $14 cxd4 13. Ne2) 12... b5 $11 13. axb5 axb5 14. Nce2 b4 {[#]} 15. c3 $146 (15. f5 $11) ({Predecessor:} 15. Nxd4 Bxd4+ 16. Kh2 e6 17. g5 Bb7 18. h4 f6 19. Bh3 Qe7 20. Ne2 f5 21. Nxd4 cxd4 22. exf5 gxf5 {0-1 (29) Sepp,O (2448)-Wang,H (2696) Beijing 2008}) 15... bxc3 16. bxc3 Nb3 17. Rb1 Nxc1 18. Rxc1 Rb2 19. Rc2 Qb6 20. Qd2 Rxc2 21. Qxc2 Ba6 22. Rb1 Bxd3 {[%mdl 64] Remove Defender} 23. Qxd3 c4+ $1 24. Rxb6 cxd3 25. Rb7 Nc5 26. Ra7 $2 {[#]} (26. Rb1 $15) 26... Nb3 $1 $19 {Strongly threatening ...d2.} ({Not} 26... dxe2 27. Nxe2 e5 28. f5 $15) 27. Bf3 {[#]} (27. Nh1 $142 dxe2 28. Kf2) 27... d2 $1 {[%cal Rd2d1]} ({Less strong is} 27... dxe2 28. Nxe2 e5 29. Rd7 $11) 28. Nd4 Nxd4 29. Bd1 Rb8 {And now ...Rb1 would win.} 30. Nf1 (30. Ra1 {was called for.} Ne6 31. Ne2 Nxf4 32. h4) 30... Rb1 31. Ra8+ Bf8 32. Ba4 Ra1 33. cxd4 {[#]} Rxa4 $1 {[%mdl 512]} 34. Rxf8+ (34. Rxa4 d1=Q) 34... Kxf8 35. Ne3 Ra3 36. Nd1 {[#]} Ra1 $1 {Accuracy: White = 43%, Black = 84%.} 0-1

[Event "40th IND-chT Open 2020"]
[Site "Ahmedabad"]
[Date "2020.02.12"]
[Round "8.2"]
[White "Gupta, Abhijeet"]
[Black "Mayank Sharma Nandkishore"]
[Result "1-0"]
[WhiteElo "2608"]
[BlackElo "1711"]
[Annotator "TA"]
[PlyCount "119"]
[EventDate "2020.02.05"]
[EventCountry "IND"]
[SourceTitle "playchess.com"]
[Source "ChessBase"]
[SourceQuality "1"]

{[%evp 16,119,38,25,19,15,18,18,16,16,29,29,33,54,43,41,64,11,24,25,14,27,25,11,12,15,12,10,48,40,40,0,33,41,59,46,102,41,84,59,41,0,27,0,0,0,0,0,0,0,0,0,0,0,0,0,0,0,0,0,0,0,0,0,29,24,15,0,0,0,0,0,0,0,0,0,204,216,201,204,232,219,220,217,220,220,220,206,220,134,133,134,136,115,115,0,147,136,246,246,241,241,282,291,403,402]} 1. d4 e6 2. c4 f5 3. Nf3 Nf6 4. g3 Be7 5. Bg2 O-O 6. O-O d6 7. Nc3 Ne4 8. Qc2 Nxc3 9. bxc3 Nc6 {A96: Classical Dutch: Fluid Systems: Early deviations.} 10. d5 Na5 11. dxe6 Bxe6 {The position is equal.} 12. Nd4 Bxc4 13. Nxf5 Bf6 14. Ne3 Bf7 15. Be4 {[#]} g6 $146 ({Predecessor:} 15... h6 16. Rb1 Kh8 17. c4 Qd7 18. Nd5 Be5 19. Bd2 Nc6 20. Rxb7 Nd4 21. Qd3 Bh5 22. f3 Ne6 23. Be3 Nc5 24. Bxc5 dxc5 25. Nf4 {½-½ (25) Ding,L (2777)-Kravtsiv,M (2665) Tbilisi 2017}) 16. Ng4 ({White should play} 16. Rb1 $14) 16... d5 17. Bg2 Be6 18. Nxf6+ Qxf6 19. Bf4 c6 20. Rad1 Bf5 21. e4 Bxe4 22. Bxe4 dxe4 23. Rd6 Qe7 24. Rd4 e3 25. Bxe3 Rfe8 ({Black should try} 25... b6 $14) 26. h4 (26. Rfd1 $16 Qe6 27. Rd6) 26... c5 27. Rf4 b6 28. Rd1 Rad8 29. h5 Qe6 ({Much weaker is} 29... gxh5 $6 30. Rxd8 Rxd8 31. Qf5 $16) 30. Rxd8 Rxd8 31. hxg6 hxg6 32. Rh4 Nc6 33. Bg5 Rd5 34. Be3 Ne5 {aiming for ...Nf3+.} 35. Qe4 Rd1+ {[%mdl 64] [#] Discovered Attack} 36. Kg2 {Black must now prevent Bf4.} Qc6 37. Bg5 Re1 38. Qxc6 Nxc6 $11 {[%mdl 4096] Endgame KRB-KRN} 39. Rf4 Ra1 40. Rf6 {[%mdl 64] Double Attack} Ne5 41. Re6 {And now Re8+ would win.} Nf7 $1 42. Bf6 {Strongly threatening Re8+.} g5 43. Re2 Kh7 44. Kf3 Rc1 45. g4 b5 $2 {[#]} (45... Rd1 $11 {and Black stays safe.}) 46. Re7 $1 $18 {[%cal Re7f7]} Kg6 47. Re6 Kh7 48. Ra6 b4 49. cxb4 cxb4 50. Rxa7 Kg6 51. Ra6 {Hoping for Bb2+.} Rc4 {White should prevent ...Rf4+.} 52. Kg3 {Threatens to win with Bxg5+!} Kh7 53. f3 Rc2 54. Be7 Rb2 55. Bf6 Rc2 $1 56. Ra4 Kg6 (56... Re2 $16 {keeps fighting.} 57. Ra7 (57. Rxb4 Rxa2 58. Rb6 Re2 $16) 57... Kg8) 57. Be7 Ne5 58. Bxb4 Nd3 {...Nf4 is the strong threat.} 59. Be7 Ne1 60. Ra6+ {Accuracy: White = 84%, Black = 75%.} 1-0

[Event "40th IND-chT Open 2020"]
[Site "Ahmedabad"]
[Date "2020.02.12"]
[Round "8.3"]
[White "Sanchit, Anand"]
[Black "Lalith Babu M R"]
[Result "0-1"]
[WhiteElo "1891"]
[BlackElo "2550"]
[Annotator "TA"]
[PlyCount "66"]
[EventDate "2020.02.05"]
[EventCountry "IND"]
[SourceTitle "playchess.com"]
[Source "ChessBase"]
[SourceQuality "1"]

{[%evp 10,66,34,35,34,38,41,10,22,23,33,-5,0,-7,10,8,-10,-37,-76,-52,-54,-56,-57,-62,-72,-66,-93,-125,-126,-129,-102,-120,-135,-141,-126,-146,-154,-161,-153,-175,-165,-162,-175,-197,-215,-1076,-1076,-970,-958,-885,-312,-436,-430,-619,-619,-619,-619,-605,-590]} 1. e4 e5 2. Nf3 Nc6 3. Bc4 Nf6 4. d3 h6 5. c3 d6 6. O-O g5 $1 {[%mdl 4] is more profitable than 6...g6 at the moment. C55: Two Knights: 4 d3, 4 d4 exd4 5 e5 and Max Lange Attack.} 7. Nbd2 Bg7 8. b4 O-O {[#] The position is equal.} 9. h3 $146 ({Predecessor:} 9. Bb3 a6 10. Nc4 Be6 11. Ne3 d5 12. Qc2 b5 13. Rd1 d4 14. cxd4 Nxd4 15. Nxd4 exd4 {1-0 (33) Haria,R (2441)-Dhulipalla,B (2294) Dubai 2018}) 9... Ne7 10. d4 exd4 11. Nxd4 d5 12. exd5 Nfxd5 13. Qb3 {[#]} Nxc3 $1 {[%mdl 512]} 14. N2f3 (14. Qxc3 Bxd4) 14... b5 $1 15. Qxc3 bxc4 16. Qxc4 Bb7 $1 $36 {[%cal Rb7f3][%mdl 2048] Hoping for ...Bxf3. Black is on the roll.} 17. Be3 Bxf3 18. Nxf3 Bxa1 19. Rxa1 Nf5 20. Bc5 Re8 21. Rc1 Qf6 22. Qg4 Qg6 23. a4 a6 $1 24. a5 Re6 25. Qc4 Rae8 26. Rd1 h5 27. Nd4 $2 (27. g4 Ng7 28. Be3) 27... Re1+ $19 28. Rxe1 Rxe1+ 29. Kh2 {[#]} Re4 $2 (29... Ng3 $1 {[%mdl 512]} 30. Nc6 (30. fxg3 Qb1) 30... Qb1 31. Ne7+ {[#]} Rxe7 $1 {[%mdl 512]} 32. Bxe7 Nf1+ 33. Qxf1 Qxf1) 30. Qd5 Nxd4 {Black is clearly winning.} 31. Qd8+ (31. Bxd4 $142 Qd6+ 32. Qxd6 cxd6 33. Bc3) 31... Kh7 32. Bxd4 {[%csl Gd4][%cal Rd8h8]} Qd6+ 33. Qxd6 cxd6 {Accuracy: White = 59%, Black = 87%.} 0-1

[Event "40th IND-chT Open 2020"]
[Site "Ahmedabad"]
[Date "2020.02.12"]
[Round "8.4"]
[White "Sengupta, Deep"]
[Black "Aansh Gupta"]
[Result "1-0"]
[WhiteElo "2534"]
[BlackElo "1900"]
[Annotator "RC"]
[PlyCount "73"]
[EventDate "2020.02.05"]
[EventCountry "IND"]
[SourceTitle "playchess.com"]
[Source "ChessBase"]
[SourceQuality "1"]
[TimeControl "5400+30"]

1. d4 {[%emt 0:00:00]} Nf6 {[%emt 0:00:46]} 2. Bf4 {[%emt 0:00:45]} b6 {[%emt 0:02:06]} 3. e3 {[%emt 0:00:22]} Bb7 {[%emt 0:00:08]} 4. Nf3 {[%emt 0:00:08]} e6 {[%emt 0:00:27]} 5. Bd3 {[%emt 0:00:36]} Be7 {[%emt 0:00:54]} 6. h3 {[%emt 0:00:09]} Nd5 {[%emt 0:22:33]} 7. Bh2 {[%emt 0:02:35]} Nb4 {[%emt 0:00:36]} 8. Be2 {[%emt 0:00:36]} Be4 {[%emt 0:02:50]} 9. Na3 {[%emt 0:00:08]} f5 {[%emt 0:00:33]} 10. O-O {[%emt 0:02:25]} Nd5 {[%emt 0:02:25]} 11. Nc4 {[%emt 0:00:40]} O-O {[%emt 0:01:15]} 12. Nfd2 {[%emt 0:01:01]} b5 {[%emt 0:16:48]} 13. Na5 {[%emt 0:17:30]} c5 {[%emt 0:10:02]} 14. Nxe4 {[%emt 0:01:32]} fxe4 {[%emt 0:04:05]} 15. Nb3 {[%emt 0:02:10]} Qb6 {[%emt 0:04:37]} 16. dxc5 {[%emt 0:13:41]} Bxc5 {[%emt 0:00:22]} 17. Nxc5 {[%emt 0:00:03]} Qxc5 {[%emt 0:00:05]} 18. Rc1 {[%emt 0:00:09]} b4 {[%emt 0:06:52]} 19. Qd2 {[%emt 0:00:31]} Rc8 {[%emt 0:06:04]} 20. c4 {[%emt 0:01:52]} bxc3 {[%emt 0:01:00]} 21. bxc3 {[%emt 0:00:02]} Nxc3 {[%emt 0:09:27]} 22. Bg4 {[%emt 0:20:41]} Rc6 {[%emt 0:06:04]} 23. Bxb8 {[%emt 0:07:48]} Rxb8 {[%emt 0:00:04]} 24. Qxd7 {[%emt 0:00:05]} Qd5 {[%emt 0:00:16]} 25. Qe7 {[%emt 0:14:43]} h5 {[%emt 0:01:36]} 26. Rxc3 {[%emt 0:00:28]} hxg4 {[%emt 0:00:08]} 27. Rxc6 {[%emt 0:00:14]} Qxc6 {[%emt 0:00:04]} 28. hxg4 {[%emt 0:00:03]} Rb7 {[%emt 0:01:19]} 29. Qd8+ {[%emt 0:00:08]} Kh7 {[%emt 0:00:32]} 30. Rd1 {[%emt 0:00:44]} Rf7 {[%emt 0:00:31]} 31. Qh4+ {[%emt 0:00:44]} Kg8 {[%emt 0:00:11]} 32. g5 {[%emt 0:00:13]} Rd7 {[%emt 0:00:48]} 33. Rxd7 {[%emt 0:01:19]} Qxd7 {[%emt 0:00:19]} 34. g6 {[%emt 0:00:07]} Qd1+ {[%emt 0:00:41]} 35. Kh2 {[%emt 0:00:01]} Qd6+ {[%emt 0:00:20]} 36. g3 {[%emt 0:00:09]} Qd2 {[%emt 0:00:41]} 37. Qh7+ {[%emt 0:00:09]} 1-0

[Event "40th IND-chT Open 2020"]
[Site "Ahmedabad"]
[Date "2020.02.12"]
[Round "8.5"]
[White "Raja Harshit"]
[Black "Ravi, Teja S."]
[Result "1-0"]
[WhiteElo "2472"]
[BlackElo "2470"]
[Annotator "TA"]
[PlyCount "67"]
[EventDate "2020.02.05"]
[EventCountry "IND"]
[SourceTitle "playchess.com"]
[Source "ChessBase"]
[SourceQuality "1"]

{[%evp 9,67,9,12,6,0,11,14,14,11,9,0,0,27,27,27,18,31,0,-5,-2,22,23,14,0,0,0,0,17,17,18,75,-7,0,-26,-32,-33,46,65,406,406,394,411,402,402,386,399,392,392,563,563,598,587,670,660,702,690,1417,1385,1189,1129]} 1. e4 c6 2. d4 d5 3. e5 c5 4. Nf3 cxd4 5. Nxd4 Nc6 6. Nxc6 {B12: Caro-Kann: Advance Variation.} bxc6 7. Bd3 Qc7 8. Qe2 {The position is equal.} e6 9. Nd2 {[%cal Bb1d2,Bd2f3,Bf3d4,Bd4b5][%mdl 32]} Ne7 10. Nf3 Ng6 {[#]} 11. h4 $146 ({Predecessor:} 11. c3 Rb8 12. O-O c5 13. Rb1 Be7 14. b4 Rb7 15. Bd2 Bd7 16. h4 Bxh4 17. Nxh4 Nxh4 18. bxc5 Rxb1 19. Rxb1 {½-½ (42) Zaas,P (2353)-Tkachenko,Y (2316) ICCF email 2018}) 11... f6 12. exf6 gxf6 13. Nd4 Kf7 14. O-O c5 (14... e5 $5 {[%cal Re5d4]} 15. Qh5 Kg8 $11) 15. Qh5 (15. Nxe6 $2 Bxe6 16. Re1 Qe5 $19) 15... Kg8 16. Nb5 Qf7 17. c4 Ne5 18. Qe2 Nxd3 19. Qxd3 {Black should prevent cxd5.} d4 (19... dxc4 $11 20. Qf3 (20. Qxc4 a6 $14) 20... Qb7) 20. Re1 (20. Qg3+ $16 Qg7 21. Nc7 Qxg3 22. fxg3) 20... Qg7 21. Qe4 {Black must now prevent Bh6.} (21. Qf3 $5 {[%cal Rc1h6]} Bb7 22. Qh3 $11) 21... Rb8 $1 22. a4 {[%cal Ba2a4,Ba4a5,Ba5b6][%mdl 32] And now Ra3 would win.} Rb6 (22... e5 $1 $15 23. Qd5+ Qf7) 23. a5 $1 $36 {[%cal Ra5b6][%mdl 2048] White has good play.} Bb7 $2 {[%mdl 8192]} (23... Ra6 $1 $14) 24. Bh6 $18 {[%mdl 64] [#] Deflection} Qxh6 25. Qg4+ Qg6 26. Qxg6+ hxg6 27. axb6 a6 28. Nc7 {[%mdl 64] Double Attack} e5 (28... Kf7 $142 29. Nxa6 Be7) 29. Nxa6 {White is clearly winning.} Rxh4 30. Nc7 d3 31. Ra7 Rxc4 {[#]} 32. Rd1 $1 ({Not} 32. Rxb7 d2 $16) 32... Bh6 33. Rxb7 d2 34. Nd5 {Accuracy: White = 84%, Black = 54%.} 1-0

[Event "40th IND-chT Open 2020"]
[Site "Ahmedabad"]
[Date "2020.02.12"]
[Round "8.6"]
[White "Shyaamnikhil P"]
[Black "Puranik, Abhimanyu"]
[Result "0-1"]
[WhiteElo "2460"]
[BlackElo "2597"]
[Annotator "TA"]
[PlyCount "74"]
[EventDate "2020.02.05"]
[EventCountry "IND"]
[SourceTitle "playchess.com"]
[Source "ChessBase"]
[SourceQuality "1"]

{[%evp 16,74,33,23,31,2,19,0,0,-9,0,-25,-13,-13,-14,-18,-10,-21,-20,-45,-44,-39,-19,-21,-15,-51,-41,-39,-36,-35,-50,-68,-83,-81,-79,-115,-120,-122,-117,-117,-119,-157,-150,-156,-142,-192,-195,-186,-195,-168,-177,-306,-272,-317,-299,-980,-1000,-1000,-870,-732,-734]} 1. Nf3 Nf6 2. c4 c5 3. Nc3 d5 4. cxd5 Nxd5 5. e3 Nc6 6. Bb5 Nxc3 7. bxc3 Bd7 8. O-O e6 9. d4 Be7 {D41: Queen's Gambit Declined: Semi-Tarrasch with 5 cxd5.} 10. a4 O-O 11. Rb1 Qc7 {The position is equal.} 12. Bd3 Rfd8 13. Ba3 Be8 14. Qc2 h6 15. Qa2 Rac8 16. Rfc1 Na5 17. Nd2 Bc6 18. Bb5 a6 19. Bxc6 Qxc6 20. Qc2 Qe8 21. dxc5 Bxc5 22. Bxc5 Rxc5 23. Nb3 Nxb3 24. Qxb3 Rd7 25. Rd1 Rxd1+ 26. Qxd1 $17 {[%mdl 4096] Endgame KQR-KQR} Qc8 ({Don't play} 26... Rxc3 27. Rxb7 Qc6 28. Rb8+ Kh7 29. Rb1 $15) 27. h3 Rxc3 28. a5 Qc7 29. Qa4 g6 30. g3 {[#]} Rc1+ $1 31. Rxc1 Qxc1+ $19 {KQ-KQ} 32. Kh2 Qb2 33. Qf4 (33. Qe8+ {was necessary.} Kg7 34. Kg2) 33... Kg7 34. Kg2 {[#]} Qc3 $1 35. Qd4+ $2 (35. Qa4 Qc5 36. Kf3) 35... Qxd4 {Black is clearly winning.} 36. exd4 Kf6 37. Kf3 Ke7 {Black took control after the opening. Accuracy: White = 44%, Black = 100%.} 0-1

[Event "40th IND-chT Open 2020"]
[Site "Ahmedabad"]
[Date "2020.02.12"]
[Round "8.7"]
[White "Visakh N R"]
[Black "Deepan Chakkravarthy J."]
[Result "0-1"]
[WhiteElo "2518"]
[BlackElo "2545"]
[Annotator "ChessBase"]
[PlyCount "128"]
[EventDate "2020.02.05"]
[EventCountry "IND"]
[SourceTitle "playchess.com"]
[Source "ChessBase"]
[SourceQuality "1"]
[TimeControl "5400+30"]

1. d4 {[%emt 0:00:00]} d5 {[%emt 0:00:00]} 2. c4 {[%emt 0:00:00]} e6 {[%emt 0:00:00]} 3. Nf3 {[%emt 0:02:56]} Nf6 {[%emt 0:00:00]} 4. Nc3 {[%emt 0:00:04]} Nbd7 {[%emt 0:00:00]} 5. Bg5 {[%emt 0:04:53]} h6 {[%emt 0:00:09]} 6. Bh4 {[%emt 0:00:05]} Bb4 {[%emt 0:02:32]} 7. cxd5 {[%emt 0:02:07]} exd5 {[%emt 0:00:38]} 8. e3 {[%emt 0:03:59]} g5 {[%emt 0:04:22]} 9. Bg3 {[%emt 0:00:09]} Ne4 {[%emt 0:00:06]} 10. Nd2 {[%emt 0:00:03]} Nxg3 {[%emt 0:01:44]} 11. hxg3 {[%emt 0:00:59]} c6 {[%emt 0:00:23]} 12. Qc2 {[%emt 0:04:17]} Nf6 {[%emt 0:02:58]} 13. a3 {[%emt 0:03:53]} Be7 {[%emt 0:07:47]} 14. Nf3 {[%emt 0:04:52]} Ng4 {[%emt 0:00:55]} 15. Bd3 {[%emt 0:00:47]} Be6 {[%emt 0:00:31]} 16. O-O-O {[%emt 0:01:01]} Qc7 {[%emt 0:25:49]} 17. e4 {[%emt 0:04:56]} dxe4 {[%emt 0:01:23]} 18. Bxe4 {[%emt 0:00:17]} O-O-O {[%emt 0:00:44]} 19. Rhe1 {[%emt 0:03:30]} Kb8 {[%emt 0:13:18]} 20. Rd2 {[%emt 0:15:48]} Qa5 {[%emt 0:04:13]} 21. Qa4 {[%emt 0:08:25]} Qxa4 {[%emt 0:01:07]} 22. Nxa4 {[%emt 0:00:03]} Bd6 {[%emt 0:00:27]} 23. Nc3 {[%emt 0:02:50]} Nxf2 {[%emt 0:01:17]} 24. Rxf2 {[%emt 0:01:41]} Bxg3 {[%emt 0:00:07]} 25. Ref1 {[%emt 0:05:35]} g4 {[%emt 0:11:07]} 26. Ne5 {[%emt 0:00:51]} Bxf2 {[%emt 0:01:00]} 27. Rxf2 {[%emt 0:00:02]} Rxd4 {[%emt 0:01:34]} 28. Bf5 {[%emt 0:01:10]} h5 {[%emt 0:01:07]} 29. Bxe6 {[%emt 0:02:19]} fxe6 {[%emt 0:00:06]} 30. Ne2 {[%emt 0:01:36]} Rd5 {[%emt 0:01:53]} 31. Ng6 {[%emt 0:02:16]} Rhd8 {[%emt 0:06:47]} 32. Nc3 {[%emt 0:02:26]} Rf5 {[%emt 0:01:17]} 33. Rxf5 {[%emt 0:07:00]} exf5 {[%emt 0:00:02]} 34. Ne2 {[%emt 0:00:01]} Kc7 {[%emt 0:01:35]} 35. Nef4 {[%emt 0:01:06]} Kd6 {[%emt 0:00:56]} 36. Kd2 {[%emt 0:01:19]} h4 {[%emt 0:00:24]} 37. Nxh4 {[%emt 0:05:21]} Ke5+ {[%emt 0:00:04]} 38. Ke3 {[%emt 0:00:06]} Rd1 {[%emt 0:00:05]} 39. g3 {[%emt 0:01:14]} Re1+ {[%emt 0:00:22]} 40. Ne2 {[%emt 0:00:42]} Rb1 {[%emt 0:02:38]} 41. Nf4 {[%emt 0:00:01]} b6 {[%emt 0:03:49]} 42. Nd3+ {[%emt 0:01:49]} Kf6 {[%emt 0:00:06]} 43. Ng2 {[%emt 0:01:20]} c5 {[%emt 0:00:10]} 44. Ngf4 {[%emt 0:00:07]} c4 {[%emt 0:00:44]} 45. Nd5+ {[%emt 0:00:01]} Kg5 {[%emt 0:00:07]} 46. Nc3 {[%emt 0:00:02]} Rf1 {[%emt 0:03:01]} 47. Ne5 {[%emt 0:01:00]} Re1+ {[%emt 0:01:59]} 48. Ne2 {[%emt 0:00:04]} b5 {[%emt 0:00:16]} 49. a4 {[%emt 0:00:01]} c3 {[%emt 0:01:27]} 50. bxc3 {[%emt 0:00:31]} bxa4 {[%emt 0:00:01]} 51. Nd3 {[%emt 0:01:17]} Rb1 {[%emt 0:00:11]} 52. c4 {[%emt 0:01:21]} a3 {[%emt 0:00:14]} 53. Nc3 {[%emt 0:00:01]} Rg1 {[%emt 0:00:58]} 54. Kf2 {[%emt 0:05:17]} Rh1 {[%emt 0:00:04]} 55. Kg2 {[%emt 0:00:20]} Rd1 {[%emt 0:00:29]} 56. Nb4 {[%emt 0:00:56]} Rd4 {[%emt 0:00:27]} 57. Nba2 {[%emt 0:01:33]} Rxc4 {[%emt 0:00:05]} 58. Kf1 {[%emt 0:00:02]} f4 {[%emt 0:00:31]} 59. gxf4+ {[%emt 0:00:01]} Rxf4+ {[%emt 0:00:06]} 60. Kg2 {[%emt 0:01:06]} Kh4 {[%emt 0:00:26]} 61. Ne2 {[%emt 0:00:43]} Rc4 {[%emt 0:00:10]} 62. Nac3 {[%emt 0:00:07]} Rb4 {[%emt 0:00:19]} 63. Nc1 {[%emt 0:00:57]} Rb2+ {[%emt 0:00:09]} 64. Kg1 {[%emt 0:00:05]} Rc2 {[%emt 0:00:13]} 0-1

[Event "40th IND-chT Open 2020"]
[Site "Ahmedabad"]
[Date "2020.02.12"]
[Round "8.8"]
[White "Swapnil, S. Dhopade"]
[Black "Sai Agni Jeevitesh, J."]
[Result "1-0"]
[WhiteElo "2495"]
[BlackElo "2310"]
[Annotator "RC"]
[PlyCount "134"]
[EventDate "2020.02.05"]
[EventCountry "IND"]
[SourceTitle "playchess.com"]
[Source "ChessBase"]
[SourceQuality "1"]
[TimeControl "5400+30"]

1. Nf3 {[%emt 0:00:00]} d5 {[%emt 0:00:04]} 2. g3 {[%emt 0:00:00]} Nf6 {[%emt 0:00:13]} 3. Bg2 {[%emt 0:00:01]} e6 {[%emt 0:01:09]} 4. O-O {[%emt 0:00:05]} Be7 {[%emt 0:00:02]} 5. c4 {[%emt 0:00:06]} O-O {[%emt 0:00:10]} 6. d4 {[%emt 0:00:06]} c6 {[%emt 0:00:26]} 7. Nc3 {[%emt 0:00:05]} dxc4 {[%emt 0:09:08]} 8. Ne5 {[%emt 0:00:34]} Nbd7 {[%emt 0:04:52]} 9. Nxc4 {[%emt 0:00:08]} Nb6 {[%emt 0:07:02]} 10. Ne5 {[%emt 0:00:59]} Nfd5 {[%emt 0:05:04]} 11. e4 {[%emt 0:17:20]} Nxc3 {[%emt 0:02:02]} 12. bxc3 {[%emt 0:00:02]} c5 {[%emt 0:06:42]} 13. a4 {[%emt 0:02:45]} cxd4 {[%emt 0:04:27]} 14. cxd4 {[%emt 0:00:09]} f6 {[%emt 0:01:29]} 15. Nf3 {[%emt 0:14:22]} f5 {[%emt 0:09:34]} 16. exf5 {[%emt 0:02:44]} Rxf5 {[%emt 0:04:57]} 17. Re1 {[%emt 0:03:35]} Qf8 {[%emt 0:07:39]} 18. Ra2 {[%emt 0:00:28]} Bb4 {[%emt 0:05:36]} 19. Bd2 {[%emt 0:04:03]} Bd7 {[%emt 0:04:50]} 20. Qb3 {[%emt 0:05:18]} Bxd2 {[%emt 0:03:58]} 21. Rxd2 {[%emt 0:00:07]} Bxa4 {[%emt 0:05:09]} 22. Qxe6+ {[%emt 0:00:26]} Qf7 {[%emt 0:01:22]} 23. Qxf7+ {[%emt 0:04:43]} Rxf7 {[%emt 0:00:45]} 24. Ne5 {[%emt 0:00:07]} Re7 {[%emt 0:00:22]} 25. f4 {[%emt 0:00:18]} Rd8 {[%emt 0:01:31]} 26. Ra1 {[%emt 0:17:51]} a6 {[%emt 0:04:25]} 27. d5 {[%emt 0:13:27]} Rd6 {[%emt 0:00:49]} 28. Rc1 {[%emt 0:00:22]} g6 {[%emt 0:04:05]} 29. Kf2 {[%emt 0:00:53]} Kg7 {[%emt 0:00:46]} 30. h4 {[%emt 0:03:47]} Bb5 {[%emt 0:01:59]} 31. g4 {[%emt 0:00:21]} Be8 {[%emt 0:03:51]} 32. Rc5 {[%emt 0:03:38]} Kf8 {[%emt 0:00:41]} 33. Kg3 {[%emt 0:01:47]} Nd7 {[%emt 0:00:42]} 34. Rc7 {[%emt 0:00:15]} Nf6 {[%emt 0:00:28]} 35. Rxe7 {[%emt 0:04:45]} Kxe7 {[%emt 0:00:01]} 36. Nc4 {[%emt 0:00:06]} Rd8 {[%emt 0:01:08]} 37. d6+ {[%emt 0:00:04]} Kf8 {[%emt 0:01:02]} 38. Bxb7 {[%emt 0:00:38]} Bb5 {[%emt 0:00:00]} 39. Ne5 {[%emt 0:02:25]} Ne8 {[%emt 0:00:08]} 40. d7 {[%emt 0:00:10]} Nf6 {[%emt 0:00:06]} 41. g5 {[%emt 0:00:52]} Nxd7 {[%emt 0:00:49]} 42. Bc6 {[%emt 0:00:33]} Ke7 {[%emt 0:00:54]} 43. Bxb5 {[%emt 0:00:19]} Nxe5 {[%emt 0:00:05]} 44. Re2 {[%emt 0:00:42]} axb5 {[%emt 0:00:13]} 45. Rxe5+ {[%emt 0:00:01]} Kf7 {[%emt 0:01:02]} 46. Rxb5 {[%emt 0:00:01]} Rd7 {[%emt 0:00:01]} 47. Kg4 {[%emt 0:00:08]} Kg7 {[%emt 0:00:56]} 48. h5 {[%emt 0:00:03]} Ra7 {[%emt 0:00:42]} 49. Rb8 {[%emt 0:00:12]} Rc7 {[%emt 0:00:30]} 50. h6+ {[%emt 0:00:20]} Kf7 {[%emt 0:00:01]} 51. Kf3 {[%emt 0:01:01]} Re7 {[%emt 0:00:25]} 52. Rh8 {[%emt 0:00:12]} Ke6 {[%emt 0:00:05]} 53. Rg8 {[%emt 0:00:32]} Ra7 {[%emt 0:00:41]} 54. Rf8 {[%emt 0:00:57]} Ra3+ {[%emt 0:01:08]} 55. Kg4 {[%emt 0:01:08]} Rb3 {[%emt 0:00:37]} 56. Rf6+ {[%emt 0:00:20]} Ke7 {[%emt 0:00:17]} 57. Ra6 {[%emt 0:00:20]} Rb7 {[%emt 0:00:01]} 58. f5 {[%emt 0:01:43]} gxf5+ {[%emt 0:01:14]} 59. Kxf5 {[%emt 0:00:11]} Kf7 {[%emt 0:01:05]} 60. Ra8 {[%emt 0:00:10]} Rb5+ {[%emt 0:00:00]} 61. Kg4 {[%emt 0:00:01]} Rb1 {[%emt 0:00:28]} 62. Rh8 {[%emt 0:00:21]} Rg1+ {[%emt 0:00:20]} 63. Kf5 {[%emt 0:00:13]} Rf1+ {[%emt 0:00:08]} 64. Ke4 {[%emt 0:00:24]} Re1+ {[%emt 0:00:59]} 65. Kf3 {[%emt 0:00:23]} Kg6 {[%emt 0:00:17]} 66. Rg8+ {[%emt 0:00:04]} Kf5 {[%emt 0:00:16]} 67. g6 {[%emt 0:00:38]} hxg6 {[%emt 0:01:32]} 1-0